header

Selected papers from CONSAL XII in Brunei (Record no. 49487)

MARC details
000 -LEADER
fixed length control field 01234nam a2200301Ia 4500
245 00 - TITLE STATEMENT
Title Selected papers from CONSAL XII in Brunei
260 ## - PUBLICATION, DISTRIBUTION, ETC. (IMPRINT)
Place of publication Bradford, England :
Name of publisher Emerald Group Publishing,
Year of publication c2004.
300 ## - PHYSICAL DESCRIPTION
Number of Pages 71 p.
490 1# - SERIES STATEMENT
Series statement Program: electronic library and information systems. No. 3 ;
650 #0 - SUBJECT ADDED ENTRY--TOPICAL TERM
Topical Term Information science.
Topical Term Library science.
700 1# - ADDED ENTRY--PERSONAL NAME
Personal name Paul, Johnson.
Personal name Tedd, Lucy A.
856 40 - ELECTRONIC LOCATION AND ACCESS
Uniform Resource Identifier http://site.ebrary.com/lib/rucke/Doc?id=10067124

No items available.

© 2026 Rongo University
Contact us: librarian | system librarian | Rongo university